Η αμφισβήτηση των εξετάσεων και βαθμών στο σχολείο : επιχειρήματα και αντεπιχειρήματα

Αποθηκεύτηκε σε:
Λεπτομέρειες βιβλιογραφικής εγγραφής
Άλλοι συγγραφείς: Χιωτάκης, Στέλιος (Επιμελητής έκδοσης)
Μορφή: Βιβλίο
Γλώσσα:Greek
Δημοσίευση: Αθήνα : Γρηγόρης, 1999
Έκδοση:3η έκδ.
Θέματα:
Ετικέτες: Προσθήκη ετικέτας
Δεν υπάρχουν, Καταχωρήστε ετικέτα πρώτοι!

MARC

LEADER 00000cam a2200000 i 4500
001 1/36220
008 030530s1999 gre d
020 |a 960-333-072-8 
035 |l 10070023 
040 |a GR-MY-UA  |b gre  |e aacr 
041 0 |a gre 
082 0 |a 372.1102 
245 1 2 |a Η αμφισβήτηση των εξετάσεων και βαθμών στο σχολείο :  |b επιχειρήματα και αντεπιχειρήματα /  |c εισαγωγή-επιμέλεια Στέλιος Χιωτάκης 
250 |a 3η έκδ. 
260 |a Αθήνα :   |b Γρηγόρης,   |c 1999 
300 |a 369 σ. 
650 0 0 |a Education, Elementary  |x Curricula. 
700 1 |a Χιωτάκης, Στέλιος.  |4 edt 
852 |a INST  |b RHODES  |e 20030530  |h 372.1102 ΑΜΦ  |p 005400020460  |q 005400020460  |t BK  |y 0 
901 |a BIBL-1999-1 
909 |a Ρ  |b 101808  |c 2003 
970 |a ΚΟΥΛΑΚΙΟΤΗ  |b ΛΙΤΣΑ  |z 2003/05/30